[Event "Bodensee-Cup 2008 (Baden-Schweiz)"]
[Site "Wasserburg (25.4.-27.4)"]
[Date "2008.04.25"]
[Round "1.1"]
[White "Carron, Julien"]
[Black "Bogner, Sebastian"]
[Result "1/2-1/2"]
[WhiteElo "2399"]
[BlackElo "2462"]
[PlyCount "60"]
[EventDate "2008.04.??"]
[EventType "team-tourn"]
[EventRounds "1"]
[WhiteTeam "SUI"]
[BlackTeam "Baden/Neuhausen SK"]
[WhiteTeamCountry "SUI"]
[BlackTeamCountry "GER"]

1. d4 Nf6 2. c4 g6 3. Nc3 Bg7 4. e4 d6 5. Be2 O-O 6. Nf3 e5 7. O-O Nc6 8. d5
Ne7 9. Ne1 Nd7 10. f3 f5 11. g4 Kh8 12. Kg2 h6 13. h4 fxg4 14. fxg4 Rxf1 15.
Kxf1 Nf6 16. g5 Nh5 17. Bxh5 gxh5 18. gxh6 Bf6 19. Qxh5 Bh3+ 20. Kg1 Qd7 21.
Bg5 Rf8 22. Qf3 Ng8 23. Ng2 Be7 24. Qg3 Bxg5 25. Qxg5 Bxg2 26. Kxg2 Rf4 27.
Qg7+ Qxg7+ 28. hxg7+ Kxg7 29. Nb5 Rxe4 30. b3 Rxh4 1/2-1/2

[Event "Bodensee-Cup 2008 (Baden-Schweiz)"]
[Site "Wasserburg (25.4.-27.4)"]
[Date "2008.04.25"]
[Round "1.2"]
[White "Strohhaeker, Raoul"]
[Black "Landenbergue, Claude"]
[Result "1/2-1/2"]
[WhiteElo "2411"]
[BlackElo "2440"]
[PlyCount "91"]
[EventDate "2008.04.??"]
[EventType "team-tourn"]
[EventRounds "1"]
[WhiteTeam "Baden/Baden-Baden OSC"]
[BlackTeam "SUI"]
[WhiteTeamCountry "GER"]
[BlackTeamCountry "SUI"]

1. e4 c5 2. Nf3 e6 3. d4 cxd4 4. Nxd4 Nc6 5. Nc3 Qc7 6. Be3 a6 7. Be2 Nf6 8.
O-O Bb4 9. Nxc6 bxc6 10. f4 d5 11. e5 Nd7 12. Na4 Be7 13. c4 dxc4 14. Rc1 Bb7
15. Rxc4 c5 16. Bf3 Rd8 17. Qc2 Bxf3 18. Rxf3 Qb7 19. Nxc5 Nxc5 20. Bxc5 Bxc5+
21. Rxc5 O-O 22. h3 Rd4 23. Kh2 g6 24. Rb3 Qd7 25. Rc7 Qd8 26. Rc4 Qd5 27. Rxd4
Qxd4 28. Rf3 Rd8 29. Qf2 Qc4 30. a3 Rd4 31. Kg3 Qd5 32. Qc2 Kg7 33. Rf2 a5 34.
Qe2 Qb3+ 35. Kh2 Qd5 36. Qf3 Qc4 37. Qg3 Rd1 38. Qg5 Qc5 39. Qf6+ Kg8 40. Re2
a4 41. Kg3 Qc4 42. Re3 h6 43. Rc3 Rd3+ 44. Rxd3 Qxd3+ 45. Kh2 Qd2 46. Qh4
1/2-1/2

[Event "Bodensee-Cup 2008 (Baden-Schweiz)"]
[Site "Wasserburg (25.4.-27.4)"]
[Date "2008.04.25"]
[Round "1.3"]
[White "Zueger, Beat"]
[Black "Arnold, Lothar"]
[Result "1/2-1/2"]
[WhiteElo "2391"]
[BlackElo "2365"]
[PlyCount "43"]
[EventDate "2008.04.??"]
[EventType "team-tourn"]
[EventRounds "1"]
[WhiteTeam "SUI"]
[BlackTeam "Baden/Karlsruhe SF"]
[WhiteTeamCountry "SUI"]
[BlackTeamCountry "GER"]

1. d4 e6 2. e4 d5 3. Nd2 c5 4. exd5 Qxd5 5. Ngf3 cxd4 6. Bc4 Qd8 7. O-O Nf6 8.
Nb3 Nc6 9. Nbxd4 Nxd4 10. Nxd4 a6 11. Re1 Qc7 12. Bb3 Bd7 13. Bg5 Bc5 14. Bxf6
gxf6 15. Bxe6 Bxe6 16. Nxe6 fxe6 17. Qh5+ Ke7 18. Qg4 Bxf2+ 19. Kxf2 Qb6+ 20.
Kf1 Rag8 21. Qf3 Rg5 22. Qe3 1/2-1/2

[Event "Bodensee-Cup 2008 (Baden-Schweiz)"]
[Site "Wasserburg (25.4.-27.4)"]
[Date "2008.04.25"]
[Round "1.4"]
[White "Pfrommer, Christoph"]
[Black "Zenklusen, Rico"]
[Result "1/2-1/2"]
[WhiteElo "2301"]
[BlackElo "2391"]
[PlyCount "128"]
[EventDate "2008.04.??"]
[EventType "team-tourn"]
[EventRounds "1"]
[WhiteTeam "Baden/Karlsruhe SF"]
[BlackTeam "SUI"]
[WhiteTeamCountry "GER"]
[BlackTeamCountry "SUI"]

1. Nf3 Nf6 2. c4 b6 3. g3 Bb7 4. Bg2 e6 5. O-O Be7 6. Nc3 O-O 7. b3 d5 8. e3
Nbd7 9. Bb2 Nc5 10. Ne5 Bd6 11. Nb5 Bxe5 12. Bxe5 dxc4 13. Bxb7 Nxb7 14. bxc4
c6 15. Nd4 Rc8 16. Qf3 Na5 17. c5 Nc4 18. Bxf6 Qxf6 19. Qxf6 gxf6 20. Rfc1 b5
21. a4 a6 22. axb5 axb5 23. Ra6 Nxd2 24. Rxc6 Kg7 25. Rxc8 Rxc8 26. Nxb5 Nb3
27. Rc3 Nxc5 28. Kg2 f5 29. Nd6 Rd8 30. Nxf5+ exf5 31. Rxc5 Kg6 32. Rc6+ f6 33.
Kf3 Rb8 34. h3 h5 35. Rc4 Ra8 36. Kf4 Rb8 37. Ra4 Rb2 38. f3 Rb8 39. Rc4 Ra8
40. Rd4 Rb8 41. Rc4 Ra8 42. e4 fxe4 43. Rxe4 Ra1 44. Rb4 Rh1 45. h4 Rf1 46. Re4
Rh1 47. Re2 Rf1 48. Re8 Kf7 49. Rh8 Kg6 50. Ke3 Ra1 51. Rg8+ Kf7 52. Rd8 Kg6
53. Rd2 Rh1 54. Rd5 Rh2 55. Rb5 Rh1 56. Ra5 Rh2 57. Ra8 Rh1 58. Ra2 Rb1 59. Kf2
Rb4 60. Kg2 Rc4 61. Ra3 Rc2+ 62. Kh3 f5 63. Ra8 Kg7 64. Ra6 Rb2 1/2-1/2

[Event "Bodensee-Cup 2008 (Baden-Schweiz)"]
[Site "Wasserburg (25.4.-27.4)"]
[Date "2008.04.25"]
[Round "1.5"]
[White "Ballmann, Martin"]
[Black "Schwalfenberg, Joerg"]
[Result "1-0"]
[WhiteElo "2372"]
[BlackElo "2269"]
[PlyCount "71"]
[EventDate "2008.04.??"]
[EventType "team-tourn"]
[EventRounds "1"]
[WhiteTeam "SUI"]
[BlackTeam "Baden/Handschuhsheim SK"]
[WhiteTeamCountry "SUI"]
[BlackTeamCountry "GER"]

1. d4 d5 2. Nf3 Nf6 3. c3 e6 4. Bg5 c5 5. e3 Nc6 6. Nbd2 Be7 7. Bd3 Qb6 8. Rb1
Bd7 9. Ne5 Nxe5 10. dxe5 Ng8 11. Qg4 f5 12. Qg3 Bb5 13. Bxb5+ Qxb5 14. Bxe7
Nxe7 15. Qxg7 Rg8 16. Qxh7 Rxg2 17. Qh5+ Kd7 18. c4 Qc6 19. Qf3 Rag8 20. Ke2 b5
21. b3 Qa6 22. Rbc1 bxc4 23. bxc4 Nc6 24. h3 Nxe5 25. Qf4 Ng6 26. Qh6 Ne5 27.
Qf4 Ng6 28. Qh6 Kd6 29. Rhg1 Rh8 30. Qxh8 Rxf2+ 31. Kxf2 Nxh8 32. cxd5 Qxa2 33.
Ke2 exd5 34. Ra1 Qb2 35. Rgb1 Qg7 36. Ra6+ 1-0

[Event "Bodensee-Cup 2008 (Baden-Schweiz)"]
[Site "Wasserburg (25.4.-27.4)"]
[Date "2008.04.25"]
[Round "1.6"]
[White "Maier, Christian(59)"]
[Black "Hochstrasser, Michael"]
[Result "1/2-1/2"]
[WhiteElo "2278"]
[BlackElo "2362"]
[PlyCount "127"]
[EventDate "2008.04.??"]
[EventType "team-tourn"]
[EventRounds "1"]
[WhiteTeam "Baden/Freiburg-Zähringen SK"]
[BlackTeam "SUI"]
[WhiteTeamCountry "GER"]
[BlackTeamCountry "SUI"]

1. e4 e6 2. d4 d5 3. Nc3 Bb4 4. e5 c5 5. dxc5 Nc6 6. Nf3 Nge7 7. Bd3 Ng6 8. O-O
Ngxe5 9. Nxe5 Nxe5 10. Bf4 Bxc3 11. bxc3 Nxd3 12. cxd3 d4 13. Bd6 Bd7 14. Qg4
Qf6 15. cxd4 h5 16. Qe4 Bc6 17. Qe3 Rh6 18. f3 Rg6 19. Rae1 Qf5 20. Kh1 Bd5 21.
Qd2 f6 22. Re4 Kf7 23. Rfe1 Rc8 24. a3 Kg8 25. R1e2 a6 26. h4 Bc6 27. Kh2 Re8
28. Qe1 Kf7 29. Qb1 Qd5 30. Qb6 Kg8 31. Qc7 Qf5 32. Rxe6 Rxe6 33. Qc8+ Kh7 34.
Qxe6 Qxd3 35. Qe3 Qf5 36. Bg3 Rh6 37. Qf4 Kg6 38. Qc7 Rh8 39. Re7 Rg8 40. Bf2
Qd5 41. Be3 Qf5 42. Qd6 Kh7 43. Qg3 Bd5 44. Bf4 Bc6 45. Be3 Bd5 46. a4 Bc6 47.
a5 Bd5 48. Qf4 Qxf4+ 49. Bxf4 Bc6 50. Kg3 Re8 51. Rxe8 Bxe8 52. d5 Kg6 53. Kf2
Bf7 54. c6 Bxd5 55. c7 Be6 56. Ke3 Kf7 57. Bd6 Ke8 58. Kd4 Kd7 59. Kc5 g6 60.
Bh2 Bb3 61. Kb6 Kc8 62. Bg1 Bc4 63. Bd4 Bf1 64. g4 1/2-1/2

[Event "Bodensee-Cup 2008 (Baden-Schweiz)"]
[Site "Wasserburg (25.4.-27.4)"]
[Date "2008.04.25"]
[Round "1.7"]
[White "Loetscher, Roland"]
[Black "Scherer, Helmut(69)"]
[Result "1/2-1/2"]
[WhiteElo "2395"]
[BlackElo "2270"]
[PlyCount "66"]
[EventDate "2008.04.??"]
[EventType "team-tourn"]
[EventRounds "1"]
[WhiteTeam "SUI"]
[BlackTeam "Baden/Freiburg-Zähringen SK"]
[WhiteTeamCountry "SUI"]
[BlackTeamCountry "GER"]

1. d4 Nf6 2. c4 e6 3. g3 Bb4+ 4. Bd2 Bxd2+ 5. Qxd2 O-O 6. Bg2 d6 7. Nf3 Nc6 8.
d5 Ne7 9. dxe6 fxe6 10. Nc3 Nc6 11. O-O e5 12. Ng5 Kh8 13. f4 exf4 14. Rxf4 h6
15. Rh4 Bf5 16. Bxc6 bxc6 17. e4 Nh7 18. exf5 Qxg5 19. Qxg5 Nxg5 20. Rf1 Rab8
21. Rf2 Rbe8 22. Kg2 Re5 23. Rhf4 Nh7 24. g4 Rfe8 25. Rc2 Kg8 26. Rff2 Nf6 27.
h3 Kf7 28. Rfe2 Re3 29. Rxe3 Rxe3 30. Nd1 Rd3 31. Nf2 Re3 32. Nd1 Rd3 33. Nf2
Re3 1/2-1/2

[Event "Bodensee-Cup 2008 (Baden-Schweiz)"]
[Site "Wasserburg (25.4.-27.4)"]
[Date "2008.04.25"]
[Round "1.8"]
[White "Postojev, Alexander"]
[Black "Moor, Olivier"]
[Result "1/2-1/2"]
[WhiteElo "2309"]
[BlackElo "2369"]
[PlyCount "63"]
[EventDate "2008.04.??"]
[EventType "team-tourn"]
[EventRounds "1"]
[WhiteTeam "Baden/Handschuhsheim SK"]
[BlackTeam "SUI"]
[WhiteTeamCountry "GER"]
[BlackTeamCountry "SUI"]

1. d4 Nf6 2. c4 e6 3. g3 d5 4. Nf3 dxc4 5. Qa4+ Bd7 6. Qxc4 Bc6 7. Bg2 Bd5 8.
Qc2 Be4 9. Qd1 c5 10. Nc3 Bc6 11. O-O Be7 12. Re1 cxd4 13. Nxd4 Bxg2 14. Kxg2
a6 15. e4 O-O 16. e5 Nd5 17. Qg4 Kh8 18. Ne4 Nd7 19. Ng5 Bxg5 20. Bxg5 Qb6 21.
Rad1 Qxb2 22. Qh5 Nc5 23. Rd2 Qc3 24. Nf3 f5 25. Be3 Ne4 26. Rxd5 exd5 27. Rc1
Qa5 28. Nh4 d4 29. Ng6+ Kg8 30. Ne7+ Kh8 31. Ng6+ Kg8 32. Ne7+ 1/2-1/2

[Event "Bodensee-Cup 2008 (Baden-Schweiz)"]
[Site "Wasserburg (25.4.-27.4)"]
[Date "2008.04.25"]
[Round "1.9"]
[White "Wirthensohn, Heinz"]
[Black "Fuchs, Heinz(63)"]
[Result "1-0"]
[WhiteElo "2363"]
[BlackElo "2236"]
[PlyCount "61"]
[EventDate "2008.04.??"]
[EventType "team-tourn"]
[EventRounds "1"]
[WhiteTeam "SUI"]
[BlackTeam "Baden/Untergrombach SC"]
[WhiteTeamCountry "SUI"]
[BlackTeamCountry "GER"]

1. Nf3 Nf6 2. c4 g6 3. Nc3 Bg7 4. e4 d6 5. d4 O-O 6. Be2 e5 7. O-O Nc6 8. d5
Ne7 9. Kh1 Nd7 10. g4 a5 11. Rg1 Kh8 12. Be3 Ng8 13. Qd2 Nc5 14. Ne1 f5 15. f3
Rf7 16. Nd3 b6 17. Nxc5 bxc5 18. gxf5 gxf5 19. exf5 Bxf5 20. Rg3 Qh4 21. Rag1
Nf6 22. Bg5 Qd4 23. Qc1 Nh5 24. Nb5 Nxg3+ 25. hxg3 Qf2 26. Rg2 Qxg2+ 27. Kxg2
e4 28. f4 Rg8 29. Bh5 Rd7 30. g4 h6 31. gxf5 1-0

[Event "Bodensee-Cup 2008 (Baden-Schweiz)"]
[Site "Wasserburg (25.4.-27.4)"]
[Date "2008.04.25"]
[Round "1.10"]
[White "Schneider, Bernd(11.60)"]
[Black "Raeber, Markus"]
[Result "0-1"]
[WhiteElo "2247"]
[BlackElo "2247"]
[PlyCount "70"]
[EventDate "2008.04.??"]
[EventType "team-tourn"]
[EventRounds "1"]
[WhiteTeam "Baden/Untergrombach SC"]
[BlackTeam "SUI"]
[WhiteTeamCountry "GER"]
[BlackTeamCountry "SUI"]

1. e4 d6 2. d4 Nf6 3. Nc3 g6 4. Bg5 Bg7 5. f4 c6 6. Be2 Qa5 7. Qd2 e5 8. fxe5
dxe5 9. dxe5 Qxe5 10. Nf3 Qe6 11. O-O O-O 12. Bd3 Nbd7 13. Bh6 Ne5 14. Bxg7
Nxf3+ 15. Rxf3 Kxg7 16. Rh3 h5 17. Rf1 Qe5 18. Rhf3 Ng4 19. g3 Qd4+ 20. Kg2 Ne5
21. R3f2 Be6 22. Qg5 Ng4 23. Rf3 f6 24. Qc1 Ne5 25. Ne2 Qd7 26. Nf4 Nxf3 27.
Rxf3 Bg4 28. Rf2 g5 29. Ne2 Bxe2 30. Rxe2 h4 31. e5 Qd5+ 32. Kh3 hxg3 33. Kxg3
Rae8 34. exf6+ Rxf6 35. Rf2 Qe5+ 0-1

[Event "Bodensee-Cup 2008 (Baden-Schweiz)"]
[Site "Wasserburg (25.4.-27.4)"]
[Date "2008.04.25"]
[Round "1.11"]
[White "Nuri, Kambez"]
[Black "Herbrechtsmeier, Christof"]
[Result "0-1"]
[WhiteElo "2172"]
[BlackElo "2280"]
[PlyCount "68"]
[EventDate "2008.04.??"]
[EventType "team-tourn"]
[EventRounds "1"]
[WhiteTeam "SUI"]
[BlackTeam "Baden/Freiburg-Zähringen SK"]
[WhiteTeamCountry "SUI"]
[BlackTeamCountry "GER"]

1. e4 c5 2. Nf3 g6 3. d4 cxd4 4. Nxd4 Nc6 5. Be3 Nf6 6. Nc3 Bg7 7. Bc4 O-O 8.
O-O Nxe4 9. Nxe4 d5 10. Nxc6 bxc6 11. Bd3 dxe4 12. Bxe4 Ba6 13. Qxd8 Rfxd8 14.
Rfb1 Rd6 15. c3 Bd3 16. Bxd3 Rxd3 17. Rd1 Rd5 18. c4 Ra5 19. Rd7 Bxb2 20. Rb1
Bf6 21. g4 h5 22. Rbb7 hxg4 23. Bxa7 Rxa2 24. Bc5 Re2 25. Bxe7 Re1+ 26. Kg2
Raa1 27. Kg3 Rg1+ 28. Kf4 Bxe7 29. Rxe7 Rg2 30. Rb6 Rxf2+ 31. Kg3 Rf3+ 32. Kxg4
Rf5 33. Rb2 Rg1+ 34. Kh4 Rh5# 0-1

[Event "Bodensee-Cup 2008 (Baden-Schweiz)"]
[Site "Wasserburg (25.4.-27.4)"]
[Date "2008.04.25"]
[Round "1.12"]
[White "Mader, Manuela"]
[Black "Gaehler, Marco"]
[Result "1/2-1/2"]
[WhiteElo "2101"]
[BlackElo "2201"]
[PlyCount "46"]
[EventDate "2008.04.??"]
[EventType "team-tourn"]
[EventRounds "1"]
[WhiteTeam "Baden/Neuhausen SK"]
[BlackTeam "SUI"]
[WhiteTeamCountry "GER"]
[BlackTeamCountry "SUI"]

1. e4 e6 2. d4 d5 3. Nc3 Bb4 4. e5 c5 5. a3 Ba5 6. b4 cxd4 7. Nb5 Bc7 8. Nf3
Nc6 9. Nxc7+ Qxc7 10. Bb5 Bd7 11. Bxc6 Qxc6 12. Bb2 Qc4 13. Qd3 Rc8 14. Nxd4
Ba4 15. Rc1 Ne7 16. O-O h5 17. g3 g6 18. Rfd1 Nf5 19. Qxc4 Rxc4 20. Rd2 Kd7 21.
Nxf5 gxf5 22. Bd4 b6 23. f3 Kc6 1/2-1/2

[Event "Bodensee-Cup 2008 (Bayern-Württemberg)"]
[Site "Wasserburg (25.4.-27.4)"]
[Date "2008.04.25"]
[Round "1.1"]
[White "Knoedler, Dieter Dr"]
[Black "Prusikin, Michael"]
[Result "1-0"]
[WhiteElo "2373"]
[BlackElo "2474"]
[PlyCount "63"]
[EventDate "2008.04.??"]
[EventType "team-tourn"]
[EventRounds "1"]
[WhiteTeam "Württemberg/Markdorf SK"]
[BlackTeam "Bayern/Forchheim SC"]
[WhiteTeamCountry "GER"]
[BlackTeamCountry "GER"]

1. c4 e5 2. Nc3 Nc6 3. g3 Bc5 4. Bg2 a6 5. e3 d6 6. Nge2 Ba7 7. d3 Nge7 8. a3
Bf5 9. b4 Qc8 10. h3 O-O 11. Bb2 Rb8 12. Rc1 Qd7 13. Qd2 Ng6 14. h4 Nge7 15.
Nd5 Bg4 16. O-O Bh3 17. Bxh3 Qxh3 18. Nxc7 Nf5 19. Nd5 Rbe8 20. c5 dxc5 21.
bxc5 Re6 22. e4 Nxh4 23. gxh4 Rg6+ 24. Ng3 f5 25. exf5 Rxf5 26. Ne3 Rh5 27. Ng2
Bb8 28. Qe2 Rf5 29. Rc4 h5 30. Qe4 Rff6 31. Nxh5 Re6 32. Ng3 1-0

[Event "Bodensee-Cup 2008 (Bayern-Württemberg)"]
[Site "Wasserburg (25.4.-27.4)"]
[Date "2008.04.25"]
[Round "1.2"]
[White "Rupprecht, Andreas(72)"]
[Black "Mueller, Ralf(03.69)"]
[Result "1/2-1/2"]
[WhiteElo "2364"]
[BlackElo "2336"]
[PlyCount "86"]
[EventDate "2008.04.??"]
[EventType "team-tourn"]
[EventRounds "1"]
[WhiteTeam "Bayern/München-Tarr. SC"]
[BlackTeam "Württemberg/Schwäb.Gmünd SG"]
[WhiteTeamCountry "GER"]
[BlackTeamCountry "GER"]

1. e4 c5 2. Nf3 d6 3. Bb5+ Bd7 4. Bxd7+ Qxd7 5. O-O Nc6 6. Qe2 g6 7. c3 Bg7 8.
Rd1 e5 9. d4 exd4 10. cxd4 Nxd4 11. Nxd4 cxd4 12. Na3 Ne7 13. Nb5 Nc6 14. Bf4
O-O 15. Nxd6 Rfd8 16. Rac1 Qe7 17. Qb5 Be5 18. Bxe5 Nxe5 19. f4 Ng4 20. e5 Qh4
21. h3 Qf2+ 22. Kh1 Ne3 23. Qxb7 Rf8 24. Rg1 Qxf4 25. Qe4 Qxe4 26. Nxe4 Rfc8
27. Nc5 h5 28. Rge1 Rc6 29. Kg1 Rac8 30. Nb3 Nc2 31. Red1 Kf8 32. Rd2 Ke7 33.
Rcd1 Rb8 34. Nxd4 Nxd4 35. Rxd4 Rxb2 36. Rd7+ Ke6 37. R7d6+ Rxd6 38. exd6 Kd7
39. Rf1 f5 40. g4 fxg4 41. hxg4 hxg4 42. Rf7+ Kxd6 43. Rxa7 Ke5 1/2-1/2

[Event "Bodensee-Cup 2008 (Bayern-Württemberg)"]
[Site "Wasserburg (25.4.-27.4)"]
[Date "2008.04.25"]
[Round "1.3"]
[White "Weidemann, Joerg"]
[Black "Lutz, Dieter"]
[Result "1-0"]
[WhiteElo "2339"]
[BlackElo "2303"]
[PlyCount "67"]
[EventDate "2008.04.??"]
[EventType "team-tourn"]
[EventRounds "1"]
[WhiteTeam "Württemberg/Bebenhausen SK"]
[BlackTeam "Bayern/Bechhofen SC"]
[WhiteTeamCountry "GER"]
[BlackTeamCountry "GER"]

1. e4 c5 2. Nf3 e6 3. b4 d5 4. exd5 exd5 5. bxc5 Bxc5 6. Bb5+ Nc6 7. O-O Nf6 8.
Re1+ Be6 9. d4 Be7 10. Ng5 Qb6 11. Nc3 Bb4 12. Nxe6 fxe6 13. Rxe6+ Kd7 14. Rxf6
gxf6 15. Qg4+ Kd8 16. Nxd5 Qxb5 17. Nxf6 Ne7 18. Rb1 a5 19. d5 Rf8 20. c4 Qa4
21. Bg5 Ra6 22. Ne4 Rg6 23. h4 Qd7 24. Qg3 Bd6 25. Qc3 h6 26. Qxa5+ Qc7 27.
Qa8+ Qc8 28. Qxc8+ Kxc8 29. Nxd6+ Kd7 30. Bxe7 Kxe7 31. c5 Rb8 32. Nxb7 Rg4 33.
Re1+ Kd7 34. c6+ 1-0

[Event "Bodensee-Cup 2008 (Bayern-Württemberg)"]
[Site "Wasserburg (25.4.-27.4)"]
[Date "2008.04.25"]
[Round "1.4"]
[White "Jorczik, Julian"]
[Black "Hirneise, Tobias"]
[Result "0-1"]
[WhiteElo "2338"]
[BlackElo "2362"]
[PlyCount "130"]
[EventDate "2008.04.??"]
[EventType "team-tourn"]
[EventRounds "1"]
[WhiteTeam "Bayern/München-Bayern FC"]
[BlackTeam "Baden/Neuhausen SK"]
[WhiteTeamCountry "GER"]
[BlackTeamCountry "GER"]

1. d4 Nf6 2. c4 g6 3. Nc3 Bg7 4. e4 d6 5. Be2 O-O 6. Bg5 h6 7. Be3 Nbd7 8. Qd2
c5 9. d5 Kh7 10. f3 a6 11. Nh3 b5 12. cxb5 Qa5 13. O-O Nb6 14. Nf2 Nfd7 15.
Nfd1 Ne5 16. b3 axb5 17. Bxb5 f5 18. exf5 Rxf5 19. Qe2 Ba6 20. Bd2 Nxd5 21.
Bxa6 Nxc3 22. Bxc3 Qxa6 23. Qxa6 Rxa6 24. f4 Nc6 25. Bxg7 Kxg7 26. Ne3 Rf8 27.
Rf2 Nd4 28. Re1 Ra7 29. g3 Rfa8 30. Nd5 Kf7 31. Nb6 Rb8 32. Nc4 Ra6 33. Re3
Rba8 34. a4 Rb8 35. Rb2 Rb4 36. Kf2 Ra8 37. a5 Ra6 38. h4 Ra7 39. g4 Ra6 40.
Kg3 Ra7 41. Rc3 Nc6 42. Ra2 Rb5 43. a6 Nb4 44. Rf2 Rxa6 45. f5 g5 46. hxg5 hxg5
47. Rh2 Nd5 48. Rf3 Nf6 49. Re3 Ra1 50. Rhe2 Rb7 51. Rg2 Rf1 52. Nd2 Rf4 53.
Kh3 Rb8 54. Nf3 Rh8+ 55. Kg3 Rxg4+ 56. Kf2 Rxg2+ 57. Kxg2 Rg8 58. Kg3 g4 59.
Nh4 Nh5+ 60. Kg2 Kf6 61. Re1 Kg5 62. Ng6 Nf4+ 63. Nxf4 Kxf4 64. Rf1+ Kg5 65.
Kg3 Rb8 0-1

[Event "Bodensee-Cup 2008 (Bayern-Württemberg)"]
[Site "Wasserburg (25.4.-27.4)"]
[Date "2008.04.25"]
[Round "1.5"]
[White "Lorscheid, Gerhard"]
[Black "Klundt, Klaus"]
[Result "1/2-1/2"]
[WhiteElo "2317"]
[BlackElo "2302"]
[PlyCount "35"]
[EventDate "2008.04.??"]
[EventType "team-tourn"]
[EventRounds "1"]
[WhiteTeam "Württemberg/Stuttgart SF"]
[BlackTeam "Bayern/Burgsinn SF"]
[WhiteTeamCountry "GER"]
[BlackTeamCountry "GER"]

1. d4 d5 2. c4 dxc4 3. Nf3 Nf6 4. e3 e6 5. Bxc4 c5 6. O-O a6 7. dxc5 Bxc5 8.
Qxd8+ Kxd8 9. Nbd2 Ke7 10. Be2 Nbd7 11. Ng5 b5 12. Nde4 Bb4 13. a3 Ba5 14. Nxf6
Nxf6 15. Bf3 Rb8 16. Rd1 Bb7 17. Bd2 Bxd2 18. Rxd2 1/2-1/2

[Event "Bodensee-Cup 2008 (Bayern-Württemberg)"]
[Site "Wasserburg (25.4.-27.4)"]
[Date "2008.04.25"]
[Round "1.7"]
[White "Braeuning, Rudolf"]
[Black "Deglmann, Ludwig"]
[Result "0-1"]
[WhiteElo "2316"]
[BlackElo "2297"]
[PlyCount "56"]
[EventDate "2008.04.??"]
[EventType "team-tourn"]
[EventRounds "1"]
[WhiteTeam "Württemberg/Bebenhausen SK"]
[BlackTeam "Bayern/München-Bayern FC"]
[WhiteTeamCountry "GER"]
[BlackTeamCountry "GER"]

1. e4 g6 2. d4 Bg7 3. Nc3 d6 4. Be3 a6 5. f4 b5 6. Bd3 Bb7 7. Nf3 Nd7 8. e5 c5
9. e6 fxe6 10. Ng5 Bxd4 11. Nxe6 Bxc3+ 12. bxc3 Qc8 13. O-O Ngf6 14. f5 Ne5 15.
Bf4 Nxd3 16. cxd3 gxf5 17. Ng7+ Kf7 18. Nh5 Rg8 19. Bg3 Rg5 20. Nxf6 exf6 21.
Rf2 Qc6 22. Qd2 Rag8 23. Raf1 h5 24. Rxf5 Rxf5 25. Rxf5 h4 26. Rxf6+ Kxf6 27.
Bxh4+ Kf5 28. Qf2+ Qf3 0-1

[Event "Bodensee-Cup 2008 (Bayern-Württemberg)"]
[Site "Wasserburg (25.4.-27.4)"]
[Date "2008.04.25"]
[Round "1.8"]
[White "Bade, Joern"]
[Black "Heidenfeld, Mark"]
[Result "0-1"]
[WhiteElo "2250"]
[BlackElo "2308"]
[PlyCount "56"]
[EventDate "2008.04.??"]
[EventType "team-tourn"]
[EventRounds "1"]
[WhiteTeam "Bayern/Forchheim SC"]
[BlackTeam "Württemberg/Ulm-Post SV"]
[WhiteTeamCountry "GER"]
[BlackTeamCountry "GER"]

1. e4 e6 2. d4 d5 3. e5 c5 4. Nf3 cxd4 5. Qxd4 Nc6 6. Bb5 Nge7 7. O-O Nf5 8.
Qf4 Bd7 9. c4 a6 10. cxd5 axb5 11. dxc6 Bxc6 12. Nc3 h5 13. Be3 Be7 14. Rfd1
Qb8 15. Ne4 Ra4 16. Nd4 Nxd4 17. Bxd4 Bxe4 18. Qxe4 O-O 19. b3 Ra5 20. Qe2 Qa8
21. Qxh5 Rxa2 22. Rab1 g6 23. Qh6 Rd8 24. Rd3 Bf8 25. Qh4 Bg7 26. Rh3 Rd5 27.
b4 b6 28. Bxb6 Ra1 0-1

[Event "Bodensee-Cup 2008 (Bayern-Württemberg)"]
[Site "Wasserburg (25.4.-27.4)"]
[Date "2008.04.25"]
[Round "1.9"]
[White "Dausch, Rene"]
[Black "Rother, Christoph"]
[Result "1-0"]
[WhiteElo "2299"]
[BlackElo "2233"]
[PlyCount "71"]
[EventDate "2008.04.??"]
[EventType "team-tourn"]
[EventRounds "1"]
[WhiteTeam "Württemberg/Böblingen SC"]
[BlackTeam "Bayern/Regensburg-Fort. SV"]
[WhiteTeamCountry "GER"]
[BlackTeamCountry "GER"]

1. Nf3 Nf6 2. d4 g6 3. Bg5 Bg7 4. Nbd2 O-O 5. e4 d6 6. c3 c5 7. Bd3 b6 8. O-O
Bb7 9. Re1 cxd4 10. cxd4 Nc6 11. d5 Nb4 12. Bc4 Nd7 13. a3 Na6 14. b4 Nc7 15.
Nb3 h6 16. Be3 Bxa1 17. Qxa1 Kh7 18. Qc1 Ne5 19. Bxh6 Nxf3+ 20. gxf3 Rh8 21.
Nd4 Rc8 22. Qf4 Qd7 23. Qh4 Ba6 24. Nc6 Rce8 25. Bxa6 Nxa6 26. Re3 Kg8 27. f4
Nb8 28. b5 e6 29. Rh3 exd5 30. f5 Nxc6 31. Qf6 Rh7 32. bxc6 Qd8 33. Qxd8 Rxd8
34. exd5 f6 35. fxg6 Re7 36. Rf3 1-0

[Event "Bodensee-Cup 2008 (Bayern-Württemberg)"]
[Site "Wasserburg (25.4.-27.4)"]
[Date "2008.04.25"]
[Round "1.10"]
[White "Schneider, David(90)"]
[Black "Reuss, Andreas(81)"]
[Result "0-1"]
[WhiteElo "2204"]
[BlackElo "2292"]
[PlyCount "58"]
[EventDate "2008.04.??"]
[EventType "team-tourn"]
[EventRounds "1"]
[WhiteTeam "Bayern/Großenseebach FSV"]
[BlackTeam "Württemberg/Stuttgart SF"]
[WhiteTeamCountry "GER"]
[BlackTeamCountry "GER"]

1. e4 c6 2. d4 d5 3. exd5 cxd5 4. c4 Nf6 5. Nc3 Nc6 6. Nf3 Bg4 7. cxd5 Nxd5 8.
Be2 e6 9. O-O Be7 10. Qb3 Nb6 11. Rd1 Bxf3 12. Bxf3 Nxd4 13. Rxd4 Qxd4 14. Bxb7
Rd8 15. Bc6+ Kf8 16. Be3 Qc4 17. Qb5 Rc8 18. Bb7 Rc7 19. Qa6 Qxa6 20. Bxa6 f6
21. a4 Kf7 22. a5 Nd5 23. Nxd5 exd5 24. Rd1 Rd8 25. Bd4 Bb4 26. Ra1 Re8 27. Kf1
Rce7 28. Bc3 Bxc3 29. bxc3 Rc7 0-1

[Event "Bodensee-Cup 2008 (Bayern-Württemberg)"]
[Site "Wasserburg (25.4.-27.4)"]
[Date "2008.04.25"]
[Round "1.11"]
[White "Strunski, Andreas"]
[Black "Baldauf, Marco"]
[Result "0-1"]
[WhiteElo "2269"]
[BlackElo "2279"]
[PlyCount "82"]
[EventDate "2008.04.??"]
[EventType "team-tourn"]
[EventRounds "1"]
[WhiteTeam "Württemberg/Stuttgart SF"]
[BlackTeam "Bayern/Pang SGem"]
[WhiteTeamCountry "GER"]
[BlackTeamCountry "GER"]

1. d4 Nf6 2. c4 c5 3. d5 e6 4. Nc3 exd5 5. cxd5 d6 6. e4 g6 7. Nge2 Bg7 8. Ng3
O-O 9. Be2 a6 10. a4 Nbd7 11. O-O Rb8 12. Be3 Re8 13. f3 Ne5 14. h3 h5 15. Qd2
h4 16. Nh1 Nh7 17. Nf2 f5 18. f4 Nf7 19. Bd3 Nf6 20. Rfe1 Nh5 21. exf5 gxf5 22.
Qc2 Qf6 23. Qd1 Ng3 24. Qf3 Qg6 25. Nfd1 Bf6 26. Ne2 Ne4 27. Ndc3 Bd7 28. Kh2
Re7 29. Rg1 Kh8 30. Raf1 Rg8 31. Bxe4 fxe4 32. Qf2 Qh7 33. f5 Nh6 34. Bxh6 Qxh6
35. Nf4 Bxf5 36. Ne6 Be5+ 37. Kh1 Bxe6 38. dxe6 Bd4 39. Qf4 Qxe6 40. Re1 Bxg1
41. Rxe4 Qg6 0-1